000 01126nab a22002297a 4500
999 _c5719
_d5719
003 OSt
005 20251231170516.0
008 190605e xxu||||| |||| 00| 0 spa d
040 _cPJ
100 _94886
_aElmelaj, María Laura
245 1 3 _aEl trabajador, a su suerte y el empleador, en su laberinto :
_bparadojas de la caducidad en el diseño de la ley 27.348 /
_cMaría Laura Elmelaj.
260 _aCiudad Autónoma de Buenos Aires :
_bThomson Reuters La Ley,
_c2023.
300 _ap. 227
500 _aCita: TR LALEY AR/DOC/254/2023.
505 _aSumario: I. Introducción.— II. La prescripción transcurre antes del trámite administrativo.— III. Dos años de soledad.— IV. El empleador en su laberinto.— V. Conclusiones.
505 _t¿Te interesa el texto completo? Solicitalo al correo: koha@justierradelfuego.gov.ar
650 0 _91316
_aDERECHO LABORAL
650 0 _95233
_aPANDEMIA
650 0 _91570
_aDERECHOS DEL TRABAJADOR
773 0 _02711
_93168
_dCiudad Autónoma de Buenos Aires : Thomson Reuters La Ley, 1999-2002.
_tRevista de derecho del trabajo. Nº 2 - Marzo 2023
942 _2udc
_cANA